Timothée Chalamet Movies - Statistics

General Stats
  • This quiz has been taken 146 times
  • The average score is 16 of 38
Answer Stats
Year Title % Correct
2021 Dune
90%
2025 Dune: Part Three
90%
2024 Dune: Part Two
90%
2022 The Making of 'Dune: Part One'
90%
2017 Call Me by Your Name
89%
2018 Snapshots of Italy: The Making of Call Me By Your Name
89%
2025 Wonka 2
88%
2023 Wonka
84%
2014 Interstellar
79%
2019 Little Women
77%
2024 A Complete Unknown
71%
2018 Beautiful Boy
71%
2022 Bones and All
67%
2017 Lady Bird
66%
2021 Don't Look Up
51%
2019 The King
51%
2017 Hot Summer Nights
44%
2025 Marty Supreme
44%
2019 A Rainy Day in New York
43%
2021 The French Dispatch
43%
2016 Miss Stevens
25%
2014 Men, Women & Children
23%
2015 Love the Coopers
20%
2015 One & Two
20%
2017 Hostiles
18%
2022 Entergalactic
17%
2009 Loving Leah
16%
2008 Clown
15%
2015 The Adderall Diaries
14%
2014 Worst Friends
14%
2014 Spinners
13%
2021 A Man Named Scott
6%
2008 Butcher's Hill
6%
2013 Trooper
5%
2017 Great Performers: Horror Show
4%
2018 Art of Style: Jean Cocteau
2%
2025 Hans Zimmer & Friends: Diamond in the Desert
1%
2023 The Enigmatic Charlotte Rampling
1%
No matching quizzes found
Score Distribution
Percent of People with Each Score
Percentile by Number Answered
Your Score History
You have not taken this quiz